| 000 | 00428cam a2200169ua 4500 | ||
|---|---|---|---|
| 020 | _c6.00 | ||
| 041 |
_aeng _h |
||
| 082 |
_a519.5 _bGOO/TE |
||
| 100 | _aGoodman, Richard . | ||
| 245 |
_aTeach yourself statistics / _cRichard Goodman. _hTextual Documents |
||
| 260 |
_aLondon : _bThe English University Press Ltd , _c1960. |
||
| 300 | _a239 ; . | ||
| 365 | _a6.00 | ||
| 504 | _a | ||
| 942 | _cBK | ||
| 999 |
_c9886 _d9886 |
||